Т. 77, № 8; Известия Российской академии наук. Серия физическая

Bibliographische Detailangaben
Parent link:Известия Российской академии наук. Серия физическая/ Российская академия наук. Т. 77, № 8.— , 1992-
Sprache:Russisch
Veröffentlicht: 2013
Format: MixedMaterials Buch
KOHA link:https://koha.lib.tpu.ru/cgi-bin/koha/opac-detail.pl?biblionumber=518285

MARC

LEADER 00000nam2a2200000 4500
001 518285
005 20231101105840.0
035 |a (RuTPU)RU\TPU\prd\196878 
090 |a 518285 
100 |a 20131011d19369999k y0rusy50 ca 
101 0 |a rus 
102 |a RU 
200 0 |a Т. 77, № 8 
210 |d 2013 
461 1 |0 (RuTPU)RU\TPU\prd\650  |t Известия Российской академии наук. Серия физическая  |f Российская академия наук  |v Т. 77, № 8  |d 1992- 
801 0 |a RU  |b 63413507  |c 20010227  |g PSBO 
801 1 |a RU  |b 63413507  |c 20131011 
801 2 |a RU  |b 63413507  |c 20201105  |g RCR 
942 |c BK 
999 |a НТБ_ТПУ  |b НФ  |e -1/20130109  |p П-701к  |s 3/20130508  |u 0,00  |v 1